000
00314nam a22001457a 4500
020
_a
81-8204-018-3
082
_a
645
_b
SIN
100
_a
SINGH, K. K
245
_a
NAPKIN FOLDING
260
_a
DELHI
_b
AMAN PUBLISHER
_c
2010
300
_a
178
650
_a
HOTEL MANAGEMENT
653
_a
NAPKIN
942
_2
ddc
_c
BK
_0
2
999
_c
8088
_d
8088